Potenciál využitia mobilných aplikácií v stravovacích službách bakalárska práca

Guardado en:
Detalles Bibliográficos
Autor principal: Kubošník, Matej
Autor Corporativo: Obchodná fakulta EU. Katedra služieb a cestovného ruchu - zrušené
Otros Autores: Veszprémi Sirotková, Anna, 1966-
Formato: Libro
Lenguaje:eslovaco
Publicado: Bratislava 2015
Etiquetas: Agregar Etiqueta
Sin Etiquetas, Sea el primero en etiquetar este registro!

MARC

LEADER 00000nbm a2200000 4500
001 0203284
005 20161212105843.1
041 0 |a slo 
044 |a SK 
245 1 0 |a Potenciál využitia mobilných aplikácií v stravovacích službách  |b bakalárska práca  |c Matej Kubošník ; školiteľ: Anna Veszprémi Sirotková 
264 1 |a Bratislava  |c 2015 
300 |a 64 s. 
100 1 |a Kubošník, Matej 
700 1 |a Veszprémi Sirotková, Anna, 1966- 
710 2 |a Obchodná fakulta EU. Katedra služieb a cestovného ruchu - zrušené